000 00617nam a2200205 a 4500
008 110816s1996 ag a f |||| 001 0 spa d
020 _a9505551886
041 _aspa
092 _c616.12
_l30
_sGON
100 1 _aGonzález Zuelgaray, Jorge
_9806
245 _aArritmias Cardiacas /
_cJorge González Zuelgaray
250 _a1a ed.
260 _aBuenos Aires:
_bIntermedica;
_c1996.
300 _a287 p.
500 _aGonzález Zuelgaray, J. (1996). Arritmias Cardíacas. (1a ed.). Buenos Aires : Intermedica.
590 _aDonación Agosto 2011
653 _aCardiologia
653 _aArritmias
942 _2ddc
_cBK
999 _c904
_d904